000 00940nam a22003017a 4500
003 CHAP
005 20220329135758.0
008 971013s1910 r 00010 d
010 _a41954
011 _a42926
035 _a47056
040 _cCHAP
082 _a631.586
_bM3
100 0 0 _aEscobar, Rómulo.
_937532
245 _aConferencia e informe sobre el cultivo de secano
260 _aMéxico, D. F. :
_bSecretaría de Fomento,
_c1910
300 _a49 p.
501 _aEnc. con : Macdonald, W. El cultivo de secano
590 _aBATCH-UPD
_b10
_c20130110
_lUCH01
_h0255
590 _aBATCH-UPD
_b10
_c20130110
_lUCH01
_h1948
590 _aBATCH-UPD
_b10
_c20130409
_lUCH01
_h2326
590 _aBATCH-UPD
_b10
_c20130914
_lUCH01
_h1126
590 _aCONVERSION
_b10
_c20130109
_lUCH01
_h1323
650 1 4 _aCultivos de secano.
_930373
901 _aBK
942 _cLIBRO
949 _a631.586 M3
_bBC
_cBPP
_d-107078
_eBPP
_h21763
_i47056
_si
999 _c41954
_d41954